The Fiction Kitchen Trio cookbook : (Record no. 384876)
[ view plain ]
| 000 -LEADER | |
|---|---|
| fixed length control field | 01125cam a2200337 i 4500 |
| 001 - CONTROL NUMBER | |
| control field | 22671261 |
| 005 - DATE AND TIME OF LATEST TRANSACTION | |
| control field | 20230605173141.0 |
| 008 - FIXED-LENGTH DATA ELEMENTS--GENERAL INFORMATION | |
| fixed length control field | 220628s2023 utu 001 0 eng |
| 010 ## - LIBRARY OF CONGRESS CONTROL NUMBER | |
| LC control number | 2022941862 |
| 020 ## - INTERNATIONAL STANDARD BOOK NUMBER | |
| International Standard Book Number | 9781524421328 |
| Qualifying information | (paperback) |
| 020 ## - INTERNATIONAL STANDARD BOOK NUMBER | |
| Cancelled/invalid ISBN | 9781524421335 |
| Qualifying information | (ebook) |
| 040 ## - CATALOGING SOURCE | |
| Original cataloging agency | DLC |
| Language of cataloging | eng |
| Description conventions | rda |
| Transcribing agency | DLC |
| 042 ## - AUTHENTICATION CODE | |
| Authentication code | pcc |
| 050 00 - LIBRARY OF CONGRESS CALL NUMBER | |
| Classification number | TX652 |
| Item number | .E354 2023 |
| 082 04 - DEWEY DECIMAL CLASSIFICATION NUMBER | |
| Classification number | 641.5 |
| Edition number | 23 |
| 092 ## - LOCALLY ASSIGNED DEWEY CALL NUMBER (OCLC) | |
| Classification number | general fiction |
| Item number | 641.5 Eden |
| 100 1# - MAIN ENTRY--PERSONAL NAME | |
| Personal name | Eden, Sarah M., |
| Relator term | author. |
| 9 (RLIN) | 5720108 |
| 245 14 - TITLE STATEMENT | |
| Title | The Fiction Kitchen Trio cookbook : |
| Remainder of title | novel recipes from your favorite novels / |
| Statement of responsibility, etc | Sarah M. Eden, Sian Ann Bessey, Traci Hunter Abramson. |
| 264 #1 - Production, Publication, Distribution, Manufacture, and Copyright Notice. | |
| Place of production, publication, distribution, manufacture | American Fork, UT : |
| Name of producer, publisher, distributor, manufacturer | Covenant Communications, Inc., |
| Date of production, publication, distribution, manufacture, or copyr | [2023] |
| 300 ## - PHYSICAL DESCRIPTION | |
| Extent | 267 pages ; |
| Dimensions | 23 cm |
| 336 ## - Content Type | |
| Content type term | text |
| 337 ## - Media type | |
| Media type term | unmediated |
| 338 ## - Carrier type | |
| Carrier type term | volume |
| 500 ## - GENERAL NOTE | |
| General note | Includes index. |
| 650 #0 - SUBJECT ADDED ENTRY--TOPICAL TERM | |
| Topical term or geographic name as entry element | Literary cookbooks. |
| 650 #0 - SUBJECT ADDED ENTRY--TOPICAL TERM | |
| Topical term or geographic name as entry element | Cooking. |
| 655 #7 - INDEX TERM--GENRE/FORM | |
| Genre/form data or focus term | Cookbooks. |
| Source of term | lcgft |
| 700 1# - ADDED ENTRY--PERSONAL NAME | |
| Personal name | Bessey, Siân Ann, |
| Dates associated with a name | 1963- |
| Relator term | author. |
| 9 (RLIN) | 1065 |
| 700 1# - ADDED ENTRY--PERSONAL NAME | |
| Personal name | Abramson, Traci Hunter, |
| Relator term | author. |
| 9 (RLIN) | 77006 |
| 942 ## - ADDED ENTRY ELEMENTS (KOHA) | |
| Source of classification or shelving scheme | Dewey Decimal Classification |
| Koha item type | BOOK |
| Withdrawn status | Lost status | Source of classification or shelving scheme | Damaged status | Not for loan | Collection code | Home library | Current library | Shelving location | Date acquired | Source of acquisition | Total Checkouts | Total Renewals | Full call number | Barcode | Date last seen | Date checked out | Cost, replacement price | Price effective from | Koha item type |
|---|---|---|---|---|---|---|---|---|---|---|---|---|---|---|---|---|---|---|---|
| Dewey Decimal Classification | General NonFiction | Wasatch County Library | Wasatch County Library | Second Floor | 06/05/2023 | Amazon | 1 | 2 | 641.5 Eden | 34301002018994 | 05/29/2024 | 06/09/2023 | 16.99 | 06/05/2023 | BOOK |
